000
nam a22 7a 4500
999
_c
53527
_d
53527
003
OSt
005
20220723145633.0
008
220723b xxu||||| |||| 00| 0 eng d
040
_c
IIMT UNIVERSITY MEERUT
100
_a
KUSHWAA, P.S
245
_a
METROLOGY & MEASURING INSTRUMENTS -2nd
260
_b
BHARAT BHARTI
300
_a
317
942
_2
ddc
_c
09